|
|
|
|
| LEADER |
00000nam a22000007a 4500 |
| 005 |
2018092506456.0 |
| 007 |
cr|||| |||| |
| 008 |
180925s2018 ro |||||s|||| 00||0 eng d |
| 020 |
|
|
|a 978-606-94312-3-8
|
| 035 |
|
|
|a 21958
|
| 040 |
|
|
|a vLex
|
| 090 |
|
|
|c 8116
|d 8116
|
| 245 |
0 |
0 |
|a Contemporary Challenges in Administrative Law and Public Administration
|h [Recurso electrn̤ico] /
|
| 256 |
|
|
|a Servicio en ln̕ea
|
| 260 |
|
|
|a Bucarest:
|b Bucharest Academy of Economic Studies,
|c 2018
|
| 300 |
|
|
|a 1 recurso electrn̤ico (230 p.)
|
| 506 |
1 |
|
|a Disponible solo en los productos indicados
|d vLex Global
|d vLex Global (Academic Edition, excluding Law Schools)
|d vLex Global (U.S. Academic Edition, Law Schools)
|d vLex Global (U.S. Academic Edition, excluding Law Schools)
|d vLex Global (Academic Edition, Law Schools)
|
| 650 |
0 |
4 |
|a Derecho Pb︢lico y Administrativo
|z Rumania
|
| 740 |
0 |
|
|a vLex Libros (Servicio en ln̕ea)
|
| 856 |
4 |
0 |
|u http://vlex.com/source/contemporary-challenges-administrative-law-public-administration-21958
|z Acceso restringido
|
| 942 |
|
|
|c BOOK
|
| 999 |
0 |
|
|a Public and Administrative Law
|